00331nam a2200133Ia 4500008004100000020001500041041001200056082001100068100001200079245004700091260003000138300000800168650002100176221030s9999 xx 000 0 und d a8181284119 aEnglish a105.23 aM. Amos 0aTheoretical & Experimental DNA Computation bSpringeraNew Delhic2006 a172 aCSE Career Award